000 00470ntaaa2200181 4500
003 01
005 20251027201325.0
008 0714s1973 ag 01
040 _aAR-BaBN
_bspa
_cAR-BaBN
_eaacr
_dRIC
082 _a223.1000 W21
100 _aWard, William B.
_911520
245 _aOut of the whirlwind; a study of the book of Job.
250 _a1 ed. :
_bJ. Knox,
_c1962
300 _a123 p.
650 _aBiblia-Antiguo Testamento-Job
650 _aJob
_9347
942 _cBK
999 _c7705
_d7705